_God Willing John Flavel (Record no. 15010)
[ view plain ]
| 000 -LEADER | |
|---|---|
| fixed length control field | 00337nam a2200133Ia 4500 |
| 008 - FIXED-LENGTH DATA ELEMENTS--GENERAL INFORMATION | |
| fixed length control field | 151021s9999 xx 000 0 und d |
| 020 ## - INTERNATIONAL STANDARD BOOK NUMBER | |
| International Standard Book Number | 950547662 |
| 050 ## - LIBRARY OF CONGRESS CALL NUMBER | |
| Classification number | Bx5980 .F 1997 |
| 245 ## - TITLE STATEMENT | |
| Title | _God Willing John Flavel |
| 260 ## - PUBLICATION, DISTRIBUTION, ETC. (IMPRINT) | |
| Place of publication, distribution, etc. | London Grace 1997 |
| 300 ## - PHYSICAL DESCRIPTION | |
| Extent | 65p. |
| 650 ## - SUBJECT ADDED ENTRY--TOPICAL TERM | |
| Topical term or geographic name as entry element | _God willing |
| 980 ## - EQUIVALENCE OR CROSS-REFERENCE-SERIES STATEMENT--PERSONAL NAME/TITLE [LOCAL, CANADA] | |
| Personal name | ^d20141022 01:26:36^oanne |
No items available.